La única contribución y el Catastro de la Ensenada / (Record no. 100823)
[ view plain ]
| 000 -LEADER | |
|---|---|
| campo de control de longitud fija | 01131nam a2200253 i 4500 |
| 001 - NÚMERO DE CONTROL | |
| campo de control | 100823 |
| 003 - IDENTIFICADOR DE NÚMERO DE CONTROL | |
| campo de control | ES-MaACL |
| 005 - FECHA Y HORA DE LA ÚLTIMA TRANSACCIÓN | |
| campo de control | 20251011063120.0 |
| 007 - CAMPO FIJO DE DESCRIPCIÓN FÍSICA--INFORMACIÓN GENERAL | |
| campo de control de longitud fija | t| |
| 008 - DATOS DE LONGITUD FIJA--INFORMACIÓN GENERAL | |
| campo de control de longitud fija | 051005s1947 sp ||||1| spa d |
| 100 1# - ENTRADA PRINCIPAL--NOMBRE DE PERSONA | |
| Nombre de persona | Matilla Tascón, Antonio, |
| Fechas asociadas al nombre | 1914-2001 |
| 9 (RLIN) | 79079 |
| 245 13 - MENCIÓN DEL TÍTULO | |
| Título | La única contribución y el Catastro de la Ensenada / |
| Mención de responsabilidad, etc. | por A. Matilla Tascón. |
| 260 ## - PUBLICACIÓN, DISTRIBUCIÓN, ETC. | |
| Lugar de publicación, distribución, etc. | Madrid : |
| Nombre del editor, distribuidor, etc. | [s.n.], |
| Fecha de publicación, distribución, etc. | 1947 ( |
| Fabricante | Sucs. J. Sánchez de Ocaña) |
| 300 ## - DESCRIPCIÓN FÍSICA | |
| Extensión | 1 lám., XII, 602 p., 3 lám. pleg. ; |
| Dimensiones | 24 cm. |
| 500 ## - NOTA GENERAL | |
| Nota general | Precede al tít.: Servicio de Estudios de la Inspección General del Ministerio de Hacienda. |
| 510 ## - NOTA DE CITAS O REFERENCIAS BIBLIOGRÁFICAS | |
| Nombre de la fuente | CCPB, |
| Localización dentro de la fuente | 001009387-7 |
| 600 17 - PUNTO DE ACCESO ADICIONAL DE MATERIA--NOMBRE DE PERSONA | |
| 9 (RLIN) | 126942 |
| Nombre de persona | Ensenada, Zenón de Somodevilla y Bengoechea |
| Títulos y otros términos asociados al nombre | , Marqués de la |
| 710 1# - ENTRADA AGREGADA--NOMBRE DE ENTIDAD CORPORATIVA | |
| Nombre de entidad corporativa o nombre de jurisdicción como elemento de entrada | España. |
| Unidad subordinada | Ministerio de Hacienda. |
| -- | Inspección General. |
| 9 (RLIN) | 3875 |
| 852 ## - LOCALIZACIÓN | |
| Ubicación | ES-MaACL |
| Número de control de estantería | D-6573 |
| Sublocalización o colección | R.30761 |
| -- | R.M.6164 |
| itemnumber | 104590 |
| Ubicación en estantería | Sala Valle Inclán |
| Marcas de propiedad | Sello en tinta azul de la Biblioteca del Ateneo de Madrid |
| 942 ## - ELEMENTOS DE ENTRADA SECUNDARIOS (KOHA) | |
| Fuente del sistema de clasificación o colocación | Clasificación decimal universal |
| Tipo de ítem Koha | Libro impreso |
| Estatus retirado | Estado de pérdida | Estado de daño | No para préstamo | Biblioteca de origen | Biblioteca actual | Ubicación en estantería | Fecha de adquisición | Fuente de adquisición | Total de préstamos | Signatura topográfica completa | Código de barras | Visto por última vez | Precio de reemplazo | Tipo de ítem Koha |
|---|---|---|---|---|---|---|---|---|---|---|---|---|---|---|
| Biblioteca del Ateneo de Madrid | Biblioteca del Ateneo de Madrid | Sala Valle Inclán | 17/01/2008 | D-6573 | 901105266 | 23/02/2023 | 23/02/2023 | Libro impreso |
